Study guide to accompany McConnel and Brue Microeconomics (Record no. 3238)

000 -LEADER
fixed length control field 00319nam a22001337a 4500
020 ## - INTERNATIONAL STANDARD BOOK NUMBER
International Standard Book Number 0072898380
082 ## - DEWEY DECIMAL CLASSIFICATION NUMBER
Classification number 330
100 ## - MAIN ENTRY--PERSONAL NAME
Personal name William B. Walstad
245 ## - TITLE STATEMENT
Title Study guide to accompany McConnel and Brue Microeconomics
250 ## - EDITION STATEMENT
Edition statement 14th ed
260 ## - PUBLICATION, DISTRIBUTION, ETC.
Place of publication, distribution, etc. Boston
Name of publisher, distributor, etc. McGraw-Hill
Date of publication, distribution, etc. 1999
300 ## - PHYSICAL DESCRIPTION
Extent 335p
942 ## - ADDED ENTRY ELEMENTS (KOHA)
Koha item type Book
Holdings
Withdrawn status Lost status Damaged status Not for loan Collection code Permanent Location Current Location Shelving location Date acquired Total Checkouts Full call number Barcode Date last seen Price effective from Koha item type
          Central Library (CL) Central Library (CL) General Stacks 05/27/2016   330 WAL S3H-N-685 02/08/2022 05/27/2016 Book
© 2023 Central Library, National University of Sciences and Technology. All Rights Reserved.